000 01587cam a2200421 i 4500
001 19892760
003 OSt
005 20230112095043.0
008 170811s2018 nyu b 001 0 eng
010 _a 2017038170
020 _a9780190238667 (hardcover : alk. paper)
035 _a(DNLM)101711082
040 _aDNLM/DLC
_beng
_cDLC
_erda
_dDLC
042 _apcc
050 0 0 _aRA645.
_b.C36 2018
130 0 _aCancer epidemiology and prevention
245 1 0 _aSchottenfeld and Fraumeni cancer epidemiology and prevention /
_cedited by Michael J. Thun, Martha S. Linet, James R. Cerhan, Christopher A. Haiman, David Schottenfeld & Annelie M. Landgren.
250 _a4th ed.
264 1 _aNew York, NY :
_bOxford University Press,
_c2018
300 _axix, 1308 p:
336 _atext
_2rdacontent
337 _aunmediated
_2rdamedia
338 _avolume
_2rdacarrier
500 _aPreceded by Cancer epidemiology and prevention / edited by David Schottenfeld, Joseph F. Fraumeni Jr. 3rd ed. 2006.
504 _aIncludes bibliographical references and index.
650 0 _aCancer
_xPrevention.
650 0 _aCancer
_xEpidemiology.
650 1 2 _aNeoplasms
_xepidemiology
650 1 2 _aNeoplasms
_xprevention & control
700 1 _aThun, Michael J.,
_eeditor.
700 1 _aLinet, Martha S.,
_eeditor.
700 1 _aCerhan, James R.,
_eeditor.
700 1 _aHaiman, Christopher,
_eeditor.
700 1 _aSchottenfeld, David,
_eeditor.
906 _a7
_bcbc
_corignew
_d1
_eecip
_f20
_gy-gencatlg
942 _2lcc
_cBK
999 _c19829
_d19828